Supercontinuum generation in nonlinear fibers using mode locked bismuth oxide based erbium doped fiber laser /
Saved in:
| 主要作者: | |
|---|---|
| 格式: | Thesis 圖書 |
| 語言: | English |
| 出版: |
2011.
|
| 主題: | |
| 標簽: |
添加標簽
沒有標簽, 成為第一個標記此記錄!
|
| LEADER | 01080cam a2200277 a 4500 | ||
|---|---|---|---|
| 001 | u838420 | ||
| 003 | SIRSI | ||
| 005 | 201109080841 | ||
| 008 | 110908s2011 my a t 000 0 eng m | ||
| 040 | |a UMM |d UMJ | ||
| 090 | |a TK7 |b UM 2011 Akb | ||
| 097 | |a TK7 |b UM 2011 Akb | ||
| 100 | 1 | |a Akbari, Reza. | |
| 245 | 1 | 0 | |a Supercontinuum generation in nonlinear fibers using mode locked bismuth oxide based erbium doped fiber laser / |c Reza Akbari. |
| 260 | |c 2011. | ||
| 300 | |a ix, 80 leaves : |b ill. ; |c 30 cm. | ||
| 502 | |a Dissertation (M.Eng.) -- Jabatan Kejuruteraan Elektrik, Fakulti Kejuruteraan, Universiti Malaya, 2011. | ||
| 504 | |a Bibliography: leaves 70-80. | ||
| 650 | 0 | |a Laser pulses, Ultrashort. | |
| 650 | 0 | |a Nonlinear optics. | |
| 650 | 0 | |a Optical communications. | |
| 710 | 2 | |a Universiti Malaya. |b Jabatan Kejuruteraan Elektrik. | |
| 900 | |a NHS | ||
| 596 | |a 1 7 | ||
| 999 | |a TK7 UM 2011 AKB |w LC |c 1 |i A514831191 |d 31/10/2012 |f 31/10/2012 |g 1 |l STACKS |m P01UTAMA |r Y |s Y |t TESIS |u 30/10/2012 | ||
| 999 | |a TK7 UM 2011 AKB |w LC |c 1 |i A514838209 |l STACKS |m P07JURUTER |r Y |s Y |t TESIS |u 26/3/2014 | ||
